000 00936 am a2200289ua 4500
001 007368852
003 EG-ScBUE
005 20220124143333.0
008 840626s1974 nyu f b 000 0 eng d
020 _a0231038461 (hbk)
020 _a0231083742 (pbk)
040 _aUk
_beng
_erda
_cUk
_dEG-ScBUE
082 0 4 _a823.03
_bSIX
_222
245 0 0 _aSix modern British novelists /
_cedited with an introduction by by George Stade.
264 1 _aNew York :
_bColumbia University Press,
_c1974.
300 _axv, 294 pages ;
_c21 cm
336 _2rdacontent
_atext
_btxt
337 _2rdamedia
_aunmediated
_bn
338 _2rdacarrier
_avolume
_bnc
504 _aIncludes bibliographical references.
650 7 _aEnglish fiction
_y20th century
_xHistory and criticism.
_2BUEsh
_930425
651 _2BUEsh
653 _cJuly2012
_bHHUUEENN
655 _vReading book
_934232
700 1 _aStade, George,
_eeditor.
_930426
942 _2ddc
_cBB
999 _c16832
_d16832